000
00282nam a22001217a 4500
040
_c
SCME
100
_a
Walker,Jearl
_9
8685
245
_a
Principles of physics
_b
(Halliday & Resnicks)
250
_a
11ed.
260
_a
Singapore
_b
Wiley
_c
2020
300
_a
1213p.
942
_2
ddc
_c
BK
999
_c
608433
_d
608433